MARC details
| 000 -LEADER |
| fixed length control field |
01701nam a22004937a 4500 |
| 003 - CONTROL NUMBER IDENTIFIER |
| control field |
URS |
| 005 - DATE AND TIME OF LATEST TRANSACTION |
| control field |
20260406135130.0 |
| 008 - FIXED-LENGTH DATA ELEMENTS--GENERAL INFORMATION |
| fixed length control field |
260314b |||||||| |||| 00| 0 eng d |
| 020 ## - INTERNATIONAL STANDARD BOOK NUMBER |
| International Standard Book Number |
978-0-44311-724-4 |
| 040 ## - CATALOGING SOURCE |
| Language of cataloging |
English |
| Transcribing agency |
URS |
| Description conventions |
rda |
| 050 00 - LIBRARY OF CONGRESS CALL NUMBER |
| Classification number |
RC55 |
| Item number |
.F416 2026 |
| 082 10 - DEWEY DECIMAL CLASSIFICATION NUMBER |
| Classification number |
616 |
| 245 00 - TITLE STATEMENT |
| Title |
Ferri's clinical advisor : |
| Remainder of title |
5 books in 1 / |
| Statement of responsibility, etc |
Fred F. Ferri, editor. |
| 264 ## - PUBLICATION, DISTRIBUTION, ETC. (IMPRINT) |
| Place of publication, distribution, etc |
St. Louis : |
| Name of publisher, distributor, etc |
Mosby, |
| Date of publication, distribution, etc |
©2026. |
| 300 ## - PHYSICAL DESCRIPTION |
| Extent |
lvii, 1873 pages : |
| Other physical details |
illustrations ; |
| Dimensions |
28 cm. |
| 310 ## - CURRENT PUBLICATION FREQUENCY |
| Current publication frequency |
Annual |
| 336 ## - CONTENT TYPE |
| Content type term |
text |
| Content type code |
txt |
| Source |
rdacontent |
| 337 ## - MEDIA TYPE |
| Media type term |
unmediated |
| Media type code |
n |
| Source |
rdamedia |
| 338 ## - CARRIER TYPE |
| Carrier type term |
volume |
| Carrier type code |
nc |
| Source |
rdacarrier |
| 588 ## - SOURCE OF DESCRIPTION NOTE |
| Source of description note |
Latest issue consulted: 2004 ed. |
| 650 #0 - SUBJECT ADDED ENTRY--TOPICAL TERM |
| Topical term or geographic name as entry element |
Clinical medicine |
| Form subdivision |
Handbooks, manuals, etc. |
| 650 #0 - SUBJECT ADDED ENTRY--TOPICAL TERM |
| Topical term or geographic name as entry element |
Primary care (Medicine) |
| Form subdivision |
Handbooks, manuals, etc. |
| 650 12 - SUBJECT ADDED ENTRY--TOPICAL TERM |
| Topical term or geographic name as entry element |
Clinical Medicine. |
| 650 22 - SUBJECT ADDED ENTRY--TOPICAL TERM |
| Topical term or geographic name as entry element |
Diagnosis. |
| 650 22 - SUBJECT ADDED ENTRY--TOPICAL TERM |
| Topical term or geographic name as entry element |
Primary Health Care. |
| 650 22 - SUBJECT ADDED ENTRY--TOPICAL TERM |
| Topical term or geographic name as entry element |
Therapeutics. |
| 650 #6 - SUBJECT ADDED ENTRY--TOPICAL TERM |
| Topical term or geographic name as entry element |
Médecine clinique |
| Form subdivision |
Guides, manuels, etc. |
| 650 #6 - SUBJECT ADDED ENTRY--TOPICAL TERM |
| Topical term or geographic name as entry element |
Soins de santé primaires |
| Form subdivision |
Guides, manuels, etc. |
| 650 #7 - SUBJECT ADDED ENTRY--TOPICAL TERM |
| Topical term or geographic name as entry element |
diagnosis. |
| Source of heading or term |
aat |
| 650 #7 - SUBJECT ADDED ENTRY--TOPICAL TERM |
| Topical term or geographic name as entry element |
treating (health care function) |
| Source of heading or term |
aat |
| 650 #7 - SUBJECT ADDED ENTRY--TOPICAL TERM |
| Topical term or geographic name as entry element |
Clinical medicine. |
| Source of heading or term |
fast |
| Authority record control number |
(OCoLC)fst00864361 |
| 650 #7 - SUBJECT ADDED ENTRY--TOPICAL TERM |
| Topical term or geographic name as entry element |
Primary care (Medicine) |
| Source of heading or term |
fast |
| Authority record control number |
(OCoLC)fst01076319 |
| 655 #2 - INDEX TERM--GENRE/FORM |
| Genre/form data or focus term |
Handbook. |
| 655 #7 - INDEX TERM--GENRE/FORM |
| Genre/form data or focus term |
manuals (instructional materials) |
| Source of term |
aat |
| 655 #7 - INDEX TERM--GENRE/FORM |
| Genre/form data or focus term |
handbooks. |
| Source of term |
aat |
| 655 #7 - INDEX TERM--GENRE/FORM |
| Genre/form data or focus term |
Handbooks and manuals. |
| Source of term |
fast |
| Authority record control number |
(OCoLC)fst01423877 |
| 655 #7 - INDEX TERM--GENRE/FORM |
| Genre/form data or focus term |
Handbooks and manuals. |
| Source of term |
lcgft |
| 655 #7 - INDEX TERM--GENRE/FORM |
| Genre/form data or focus term |
Guides et manuels. |
| Source of term |
rvmgf |
| 700 1# - ADDED ENTRY--PERSONAL NAME |
| Personal name |
Ferri, Fred F., |
| Relator term |
editor. |
| 776 08 - ADDITIONAL PHYSICAL FORM ENTRY |
| Display text |
Online version: |
| Title |
Ferri's clinical advisor |
| Record control number |
(OCoLC)743372966 |
| 942 ## - ADDED ENTRY ELEMENTS (KOHA) |
| Source of classification or shelving scheme |
Library of Congress Classification |
| Koha item type |
Reserved Books |